000 00410pab a2200157 454500
008 180718b2002 xxu||||| |||| 00| 0 eng d
100 _aDrover, Glenn
245 _aTilting toward marketization: reform of the Canadian pension plan
260 _c2002
300 _ap.85-107.
362 _aFall
650 _aPensions - Canada
650 _aPensions
773 _aReview of Policy Research
909 _a57325
999 _c57325
_d57325